| 000 | 00370pam a2200145 a 4500 | ||
|---|---|---|---|
| 020 |
_a9781585281725 _c |
||
| 041 | _aeng | ||
| 082 |
_a615.1 _bCAR |
||
| 100 | _aCarter, J. . | ||
| 245 |
_aPharmacy in Public Health _hTextual Documents |
||
| 260 |
_aNoida _bAmerican Society of Health System Pharmacists _c2010 |
||
| 300 | _a390. | ||
| 653 | _aPharmacology | ||
| 930 | _a3027 | ||
| 999 |
_c76304 _d76304 |
||